LDR 00721naa#a2200181#i#450# 001 EN\\bibl\20285 005 20260702000433.4 100 ## _a20260630b2026####ek#y0engy0150####ca 102 ## _aRU 200 1# _aSYSTEM APPROACH TO MANAGING ORGANIZATION'S STOCK IN ELECTRONICS PRODUCTION _eConference article/thesis 210 1# _aVoronezh _cFSBE Institution of Higher Education Voronezh State University of Forestry and Technologies named after G.F. Morozov _d2026 215 ## _a4 с. 608 ## _aConference article/thesis _2local 675 ## _aСистемный уровень. Системный анализ. 303.732 _z 700 #1 _aSumin _gV. I. 700 #1 _aDubrovin _gA. S. 700 #1 _aKravchenko _gAndrey Sergeevich 856 4# _abibl.vgltu.ru _u